[Event "HUN-chT1 Maroczy 2324"]
[Site "Hungary"]
[Date "2024.04.21"]
[Round "10.5"]
[White "Siklosi, Zoltan"]
[Black "Nagy, Attila N"]
[Result "1-0"]
[WhiteElo "2273"]
[BlackElo "2135"]
[PlyCount "37"]
[EventDate "2023.10.08"]
[EventType "team-tourn"]
[EventRounds "11"]
[EventCountry "HUN"]
[SourceTitle "EXT 2025"]
[Source "ChessBase"]
[SourceDate "2024.10.14"]
[SourceVersion "1"]
[SourceVersionDate "2024.10.14"]
[SourceQuality "1"]
[WhiteTeam "Neumann Egyetem"]
[BlackTeam "Kisujszallas"]
[WhiteTeamCountry "HUN"]
[BlackTeamCountry "HUN"]

1. e4 c5 2. Nf3 d6 3. d4 cxd4 4. Nxd4 Nf6 5. Nc3 e6 6. Be2 Be7 7. 0-0 a6 8. f4 Qc7 9. Kh1 Nc6 10. Be3 Rb8 11. Qe1 0-0 12. Qg3 Re8 13. Rad1 Bf8 14. a3 b5 15. e5 dxe5 16. fxe5 Nxd4 17. Bxd4 Nd5 18. Nxd5 exd5 19. e6 1-0

[Event "HUN-chT1 Maroczy 2324"]
[Site "Hungary"]
[Date "2024.04.07"]
[Round "9.6"]
[White "Seres, Bela"]
[Black "Nagy, Attila N"]
[Result "1/2-1/2"]
[WhiteElo "2137"]
[BlackElo "2135"]
[PlyCount "82"]
[EventDate "2023.10.08"]
[EventType "team-tourn"]
[EventRounds "11"]
[EventCountry "HUN"]
[SourceTitle "EXT 2025"]
[Source "ChessBase"]
[SourceDate "2024.10.14"]
[SourceVersion "1"]
[SourceVersionDate "2024.10.14"]
[SourceQuality "1"]
[WhiteTeam "Hetenyi Geza"]
[BlackTeam "Kisujszallas"]
[WhiteTeamCountry "HUN"]
[BlackTeamCountry "HUN"]

1. e4 c5 2. b3 d6 3. Bb5+ Bd7 4. a4 Nf6 5. Nc3 g6 6. Bb2 Bg7 7. Nd5 0-0 8. Nxf6+ exf6 9. Ne2 Re8 10. d3 Nc6 11. 0-0 a6 12. Bxc6 bxc6 13. Ng3 h5 14. Re1 Bg4 15. f3 Be6 16. Nf1 d5 17. Ne3 Rb8 18. Qe2 Qb6 19. Kh1 Rbd8 20. Rab1 Qa5 21. Rbd1 Qb4 22. Qd2 Qxd2 23. Rxd2 c4 24. bxc4 dxc4 25. Kg1 Rd7 26. Red1 Bh6 27. Kf2 f5 28. dxc4 Rxd2+ 29. Rxd2 fxe4 30. fxe4 f5 31. Bf6 fxe4 32. Rd8 Kf7 33. Rxe8 Kxe8 34. c5 Kd7 35. g3 Ba2 36. g4 Bf8 37. Bd4 Ke6 38. gxh5 gxh5 39. Kg3 Be7 40. Kf4 Bb1 41. Kxe4 Bg5 1/2-1/2

[Event "HUN-chT1 Maroczy 2324"]
[Site "Hungary"]
[Date "2024.03.10"]
[Round "8.5"]
[White "Zambo, Zoltan Istvan"]
[Black "Nagy, Attila N"]
[Result "1/2-1/2"]
[WhiteElo "2294"]
[BlackElo "2131"]
[PlyCount "117"]
[EventDate "2023.10.08"]
[EventType "team-tourn"]
[EventRounds "11"]
[EventCountry "HUN"]
[SourceTitle "EXT 2025"]
[Source "ChessBase"]
[SourceDate "2024.10.14"]
[SourceVersion "1"]
[SourceVersionDate "2024.10.14"]
[SourceQuality "1"]
[WhiteTeam "DVTK EMSE"]
[BlackTeam "Kisujszallas"]
[WhiteTeamCountry "HUN"]
[BlackTeamCountry "HUN"]

1. d4 Nf6 2. Nf3 g6 3. g3 c5 4. c3 b6 5. Bg2 Bb7 6. 0-0 Bg7 7. Qb3 cxd4 8. Ne5 d5 9. cxd4 0-0 10. Nc3 Nc6 11. Nxc6 Bxc6 12. Rd1 e6 13. a4 Qd7 14. a5 b5 15. Na2 Ne4 16. Nb4 a6 17. Bf4 Rfc8 18. Rac1 Bb7 19. Be5 Bxe5 20. dxe5 Rxc1 21. Rxc1 Nd2 22. Qc3 Nc4 23. Nd3 d4 24. Qb4 Bxg2 25. Kxg2 Qd5+ 26. Kg1 Nxe5 27. Nf4 Qd7 28. Qc5 Nc4 29. Rd1 Nxa5 30. Nh5 gxh5 31. Rxd4 Qc6 32. Qg5+ Kf8 33. Qh6+ Ke8 34. Qg5 Nb3 35. Rf4 Kf8 36. Qh6+ Ke8 37. Qg7 f5 38. Rf3 Nc5 39. Qh8+ Kd7 40. Qxh7+ Kc8 41. Rc3 b4 42. Rc1 Rb8 43. Rd1 Qc7 44. Qxh5 Kb7 45. Qh4 Ne4 46. Rd4 Ka7 47. Qh6 Qb6 48. e3 Rb7 49. Qh8 Ng5 50. Rd8 Nf3+ 51. Kg2 Qc6 52. Ra8+ Kb6 53. Qd8+ Kb5 54. Rc8 Qe4 55. Qe8+ Kb6 56. Qd8+ Kb5 57. Qe8+ Kb6 58. Qd8+ Kb5 59. Qe8+ 1/2-1/2

[Event "HUN-chT1 Maroczy 2324"]
[Site "Hungary"]
[Date "2023.12.10"]
[Round "5.5"]
[White "Nagy, Attila N"]
[Black "Teglas, Balazs"]
[Result "0-1"]
[WhiteElo "2151"]
[BlackElo "2208"]
[PlyCount "130"]
[EventDate "2023.10.08"]
[EventType "team-tourn"]
[EventRounds "11"]
[EventCountry "HUN"]
[SourceTitle "EXT 2025"]
[Source "ChessBase"]
[SourceDate "2024.10.14"]
[SourceVersion "1"]
[SourceVersionDate "2024.10.14"]
[SourceQuality "1"]
[WhiteTeam "Kisujszallas"]
[BlackTeam "Kobanya Aquarena II"]
[WhiteTeamCountry "HUN"]
[BlackTeamCountry "HUN"]

1. Nf3 d5 2. g3 g6 3. Bg2 Bg7 4. 0-0 e5 5. d3 Ne7 6. c4 d4 7. Nbd2 a5 8. b3 0-0 9. Bb2 Nec6 10. a3 Bf5 11. Ne1 Na6 12. Nc2 Nc5 13. Rb1 Qd7 14. b4 Na4 15. b5 Nd8 16. Ba1 Nc5 17. Nb3 Nde6 18. Qd2 Nxb3 19. Rxb3 Nc5 20. Rbb1 Rfe8 21. Rfd1 h5 22. e4 dxe3 23. Qxe3 Qd6 24. Ne1 Rad8 25. Bc3 b6 26. Bc6 Re7 27. Bd5 Na4 28. Ba1 Qxa3 29. Ng2 Nc3 30. Bxc3 Qxc3 31. Nh4 Be6 32. Qg5 Rdd7 33. Bc6 Qa3 34. Bxd7 Rxd7 35. Qe3 Qc3 36. Rbc1 Qd4 37. Qxd4 Rxd4 38. Nf3 Rd8 39. Ng5 Bg4 40. f3 Bh6 41. fxg4 Bxg5 42. Ra1 Be3+ 43. Kf1 hxg4 44. Ke2 Bd4 45. Ra2 Kg7 46. Rh1 Rh8 47. h4 gxh3 48. Kf3 f5 49. g4 Kf6 50. Rah2 a4 51. Ra2 h2 52. gxf5 gxf5 53. Rxa4 Ke6 54. Ra2 Bg1 55. Rg2 f4 56. Ke4 Rh3 57. Rg6+ Kf7 58. Rgxg1 hxg1Q 59. Rxg1 Re3+ 60. Kf5 Rxd3 61. Kxe5 Re3+ 62. Kd4 Kf6 63. Rh1 Re7 64. Rg1 Kf5 65. Rg8 f3 0-1

[Event "SRB-chT 2nd League"]
[Site "Novi Sad"]
[Date "2023.11.08"]
[Round "10.3"]
[White "Pajcin, Lav"]
[Black "Nagy, Attila N"]
[Result "1/2-1/2"]
[WhiteElo "2109"]
[BlackElo "2182"]
[PlyCount "62"]
[EventDate "2023.11.02"]
[EventType "team-tourn"]
[EventRounds "11"]
[EventCountry "SRB"]
[SourceTitle "CBM 217 Extra"]
[Source "ChessBase"]
[SourceDate "2024.01.31"]
[SourceVersion "1"]
[SourceVersionDate "2024.01.31"]
[SourceQuality "1"]
[WhiteTeam "Gajdobra Hercegovac"]
[BlackTeam "Senta"]
[WhiteTeamCountry "SRB"]
[BlackTeamCountry "SRB"]

1. e4 c5 2. Nf3 g6 3. d4 cxd4 4. Qxd4 Nf6 5. Nc3 Nc6 6. Qa4 d6 7. e5 dxe5 8. Nxe5 Qd4 9. Nxc6 Qxa4 10. Nxa4 bxc6 11. Be3 Bg7 12. 0-0-0 0-0 13. Be2 Bf5 14. c4 Ng4 15. Bxg4 Bxg4 16. f3 Be6 17. b3 h5 18. Rhe1 Rfe8 19. Bd4 Bh6+ 20. Kb2 Bf5 21. Nc5 a5 22. h3 h4 23. Bc3 Bf4 24. Be5 Bh6 25. Bc3 Bf4 26. Rd4 Bg3 27. Re2 g5 28. Rd1 f6 29. a4 Kf7 30. Nb7 Bc7 31. Nc5 Rec8 1/2-1/2

[Event "SRB-chT 2nd League"]
[Site "Novi Sad"]
[Date "2023.11.07"]
[Round "8.3"]
[White "Nadj Hedjesi, Balind"]
[Black "Nagy, Attila N"]
[Result "1-0"]
[WhiteElo "2227"]
[BlackElo "2182"]
[PlyCount "90"]
[EventDate "2023.11.02"]
[EventType "team-tourn"]
[EventRounds "11"]
[EventCountry "SRB"]
[SourceTitle "CBM 217 Extra"]
[Source "ChessBase"]
[SourceDate "2024.01.31"]
[SourceVersion "1"]
[SourceVersionDate "2024.01.31"]
[SourceQuality "1"]
[WhiteTeam "Lajos Segi Bajsa"]
[BlackTeam "Senta"]
[WhiteTeamCountry "SRB"]
[BlackTeamCountry "SRB"]

1. e4 c5 2. Nc3 e6 3. Nf3 a6 4. d4 cxd4 5. Nxd4 Qc7 6. Be3 Nf6 7. a3 b5 8. Bd3 Bb7 9. Qe2 Be7 10. f4 d6 11. g4 d5 12. e5 Ne4 13. Bxe4 dxe4 14. Qf2 Nd7 15. h4 Rc8 16. Rh3 b4 17. axb4 Bxb4 18. Bd2 Bc5 19. Na4 Be7 20. Rc3 Qd8 21. Rxc8 Qxc8 22. h5 0-0 23. g5 Bd5 24. h6 g6 25. Qe3 Qb8 26. c4 Ba8 27. Qb3 Qc7 28. Qc3 Rb8 29. 0-0-0 e3 30. Bxe3 Be4 31. Nc2 Qc6 32. b3 Qb7 33. Kb2 Bc6 34. Ra1 Be4 35. Bd4 Rc8 36. Rd1 Bf3 37. Rd3 Bc6 38. Kc1 Bxa4 39. bxa4 Qc6 40. a5 Qa4 41. Ne3 Nc5 42. Bxc5 Bxc5 43. Nc2 Bf8 44. Rd4 Bc5 45. Rd6 Qa2 1-0

[Event "SRB-chT 2nd League"]
[Site "Novi Sad"]
[Date "2023.11.03"]
[Round "2.3"]
[White "Nagy, Attila N"]
[Black "Mijatovic, Dusan"]
[Result "0-1"]
[WhiteElo "2182"]
[BlackElo "2141"]
[PlyCount "60"]
[EventDate "2023.11.02"]
[EventType "team-tourn"]
[EventRounds "11"]
[EventCountry "SRB"]
[SourceTitle "CBM 217 Extra"]
[Source "ChessBase"]
[SourceDate "2024.01.31"]
[SourceVersion "1"]
[SourceVersionDate "2024.01.31"]
[SourceQuality "1"]
[WhiteTeam "Senta"]
[BlackTeam "Stara Pazova"]
[WhiteTeamCountry "SRB"]
[BlackTeamCountry "SRB"]

1. Nf3 d5 2. d4 Nf6 3. c4 e6 4. Nc3 Bb4 5. Qa4+ Nc6 6. e3 0-0 7. Bd2 dxc4 8. Bxc4 a6 9. Qc2 Bd6 10. 0-0 b5 11. Be2 Bb7 12. a3 e5 13. dxe5 Nxe5 14. Nxe5 Bxe5 15. f4 Bd6 16. Bf3 Bxf3 17. Rxf3 c5 18. e4 c4 19. e5 Bc5+ 20. Kh1 Nd7 21. Ne4 Be7 22. Rh3 g6 23. Rd1 f5 24. exf6 Nxf6 25. Ng5 Qb6 26. Re1 Ng4 27. Ne4 Rae8 28. Rg3 Bh4 29. Rxg4 Bxe1 30. Bxe1 Qe3 0-1

[Event "SRB-chT 2nd League"]
[Site "Vrnjacka Banja"]
[Date "2022.11.07"]
[Round "5.6"]
[White "Kovacevic, Dragisa"]
[Black "Nagy, Attila N"]
[Result "1-0"]
[WhiteElo "2224"]
[BlackElo "2212"]
[PlyCount "109"]
[EventDate "2022.11.04"]
[EventType "team-tourn"]
[EventRounds "11"]
[EventCountry "SRB"]
[SourceTitle "CBM 211 Extra"]
[Source "ChessBase"]
[SourceDate "2023.01.31"]
[SourceVersion "1"]
[SourceVersionDate "2023.01.31"]
[SourceQuality "1"]
[WhiteTeam "Jazak Car Uros"]
[BlackTeam "Senta"]
[WhiteTeamCountry "SRB"]
[BlackTeamCountry "SRB"]

1. d4 Nf6 2. Nf3 g6 3. e3 Bg7 4. Be2 0-0 5. 0-0 d6 6. b3 c5 7. Bb2 Nc6 8. c4 cxd4 9. Nxd4 Bd7 10. Nc3 a6 11. Qd2 Qa5 12. Rfd1 Rfc8 13. a3 Nxd4 14. Qxd4 Bc6 15. b4 Qg5 16. Nd5 Bxd5 17. cxd5 Rc2 18. Rd2 Ne8 19. Qxg7+ Nxg7 20. Rxc2 Qxd5 21. Rac1 h5 22. Bf3 Qb5 23. Rc7 Re8 24. Rxb7 Qd3 25. Rbc7 e5 26. R7c2 Qb3 27. Bb7 a5 28. Bc6 Rb8 29. bxa5 Ne6 30. a6 Qb6 31. Bb7 Nd8 32. Bc8 Kg7 33. h4 Ra8 34. Rd2 Ne6 35. Bb7 Ra7 36. Rc6 Rxb7 37. Rxb6 Rxb6 38. Rxd6 Rxb2 39. Rxe6 Ra2 40. a7 Rxa3 41. Re7 Kf6 42. Rb7 Ke6 43. e4 Ra2 44. f3 Kf6 45. Kf1 Ke6 46. g4 f6 47. Ke1 Kd6 48. Rg7 Ke6 49. Kd1 Ra3 50. Kc2 Ra1 51. Kb3 Ra6 52. Kb4 Ra1 53. Kb5 Ra2 54. Kb6 Rb2+ 55. Kc7 1-0

[Event "Senta op 25th"]
[Site "Senta"]
[Date "2021.07.20"]
[Round "5"]
[White "Nagy, Attila N"]
[Black "Radovic, Stefan"]
[Result "1-0"]
[WhiteElo "2270"]
[BlackElo "1985"]
[PlyCount "63"]
[EventDate "2021.07.17"]
[EventType "swiss"]
[EventRounds "9"]
[EventCountry "SRB"]
[SourceTitle "EXT 2022"]
[Source "ChessBase"]
[SourceDate "2021.10.06"]
[SourceVersion "1"]
[SourceVersionDate "2021.10.06"]
[SourceQuality "1"]

1. Nf3 c5 2. c4 Nc6 3. Nc3 g6 4. e3 Nf6 5. d4 cxd4 6. exd4 d5 7. cxd5 Nxd5 8. Qb3 Nxc3 9. Bc4 Nd5 10. Bxd5 e6 11. Bxc6+ bxc6 12. 0-0 Bg7 13. Bg5 Qd6 14. Qe3 0-0 15. Rac1 Ba6 16. Rfd1 Rfc8 17. h4 Qd5 18. b3 Bb7 19. Rc5 Qd6 20. Bf4 Qd8 21. h5 a5 22. Ng5 a4 23. Ne4 Bf8 24. Be5 f5 25. Nf6+ Kf7 26. Nxh7 Qh4 27. Ng5+ Kg8 28. Bg3 Qxh5 29. Qxe6+ Kh8 30. Rd3 Re8 31. Be5+ Bg7 32. Bxg7+ 1-0

[Event "Senta op 25th"]
[Site "Senta"]
[Date "2021.07.19"]
[Round "4"]
[White "Uskov, Artem"]
[Black "Nagy, Attila N"]
[Result "1-0"]
[WhiteElo "2139"]
[BlackElo "2270"]
[PlyCount "93"]
[EventDate "2021.07.17"]
[EventType "swiss"]
[EventRounds "9"]
[EventCountry "SRB"]
[SourceTitle "EXT 2022"]
[Source "ChessBase"]
[SourceDate "2021.10.06"]
[SourceVersion "1"]
[SourceVersionDate "2021.10.06"]
[SourceQuality "1"]

1. e4 c5 2. Nf3 d6 3. d4 cxd4 4. Nxd4 Nf6 5. Nc3 Nc6 6. Bg5 g6 7. Bxf6 exf6 8. Nb3 Bg7 9. Bd3 0-0 10. 0-0 Ne5 11. Be2 f5 12. Qd2 fxe4 13. Nxe4 d5 14. Rad1 Bf5 15. Ng3 Be6 16. c3 Qb6 17. Nd4 Bd7 18. Kh1 Nc4 19. Qc2 Rac8 20. Nb3 Be6 21. Bf3 a5 22. Bxd5 Bxd5 23. Rxd5 a4 24. Nd4 Nxb2 25. Nge2 a3 26. Rb5 Qd6 27. Qe4 b6 28. h4 Rfe8 29. Qf3 Nc4 30. Rd1 Rc5 31. Rbb1 Qe7 32. Qh3 Nb2 33. Rf1 Rh5 34. g3 Rc5 35. Qg2 Bxd4 36. cxd4 Rc4 37. Nf4 Rxd4 38. Rbe1 Qd8 39. Kh2 Nd3 40. Nxd3 Rxd3 41. Qc6 Rxe1 42. Rxe1 Qd4 43. Re2 Kg7 44. Qc1 b5 45. h5 Rd1 46. h6+ Kf6 47. Qxa3 1-0

[Event "Vojvodina-chT 2nd League"]
[Site "Backa Palanka"]
[Date "2020.10.21"]
[Round "8.4"]
[White "Mikheev, Stanislav Valerievi"]
[Black "Nagy, Attila N"]
[Result "1-0"]
[WhiteElo "2291"]
[BlackElo "2251"]
[PlyCount "75"]
[EventDate "2020.10.16"]
[EventType "team-tourn"]
[EventRounds "11"]
[EventCountry "SRB"]
[SourceTitle "EXT 2022"]
[Source "ChessBase"]
[SourceDate "2021.10.06"]
[SourceVersion "1"]
[SourceVersionDate "2021.10.06"]
[SourceQuality "1"]
[WhiteTeam "Novi Sad Vojvodina"]
[BlackTeam "Senta"]
[WhiteTeamCountry "SRB"]
[BlackTeamCountry "SRB"]

1. d4 Nf6 2. c4 e6 3. g3 c5 4. d5 exd5 5. cxd5 d6 6. Nc3 g6 7. Bg2 Bg7 8. Nf3 0-0 9. 0-0 Na6 10. Bf4 Nc7 11. e4 Re8 12. Re1 Ng4 13. a4 h6 14. h3 Ne5 15. Nxe5 dxe5 16. Be3 b6 17. a5 Bd7 18. Qb3 Na6 19. axb6 axb6 20. Nb5 Bf8 21. Bd2 Qc8 22. Ra4 Rb8 23. Bf1 c4 24. Qxc4 Nc5 25. Ra7 Bxh3 26. Rc7 Bxf1 27. Rxf1 Qg4 28. Re1 h5 29. b4 h4 30. Qe2 Qxe2 31. Rxe2 Na6 32. Ra7 Nxb4 33. Nc7 hxg3 34. Nxe8 gxf2+ 35. Rxf2 Bc5 36. Nf6+ Kg7 37. Nd7 Bxf2+ 38. Kxf2 1-0

[Event "Vojvodina-chT 2nd League"]
[Site "Backa Palanka"]
[Date "2020.10.19"]
[Round "5.4"]
[White "Nagy, Attila N"]
[Black "Levnajic, Pavle"]
[Result "1/2-1/2"]
[WhiteElo "2251"]
[BlackElo "2203"]
[PlyCount "100"]
[EventDate "2020.10.16"]
[EventType "team-tourn"]
[EventRounds "11"]
[EventCountry "SRB"]
[SourceTitle "EXT 2022"]
[Source "ChessBase"]
[SourceDate "2021.10.06"]
[SourceVersion "1"]
[SourceVersionDate "2021.10.06"]
[SourceQuality "1"]
[WhiteTeam "Senta"]
[BlackTeam "Krajisnik Krajina"]
[WhiteTeamCountry "SRB"]
[BlackTeamCountry "SRB"]

1. Nf3 d6 2. d4 Nf6 3. c4 Nbd7 4. Nc3 c6 5. g3 e5 6. e4 Be7 7. Bg2 0-0 8. 0-0 a6 9. b3 b5 10. cxb5 cxb5 11. Re1 Bb7 12. Bb2 Re8 13. Nd5 Nxd5 14. exd5 e4 15. Rxe4 Bxd5 16. Re1 Nf6 17. Qd3 Qd7 18. Nh4 Bxg2 19. Kxg2 d5 20. Nf3 Bb4 21. Ne5 Qb7 22. Re2 Rac8 23. Qf5 Ne4 24. a3 Bf8 25. Rae1 Re6 26. f3 Nd6 27. Qg4 Rce8 28. Kf1 g6 29. Bc3 Nf5 30. Qh3 Qc8 31. g4 Ng7 32. Bd2 f6 33. Nd3 Qc2 34. Nc5 Bxc5 35. dxc5 Rxe2 36. Rxe2 Rxe2 37. Kxe2 Qxc5 38. Qg3 Qxa3 39. Qb8+ Kf7 40. b4 Ne8 41. Qb7+ Ke6 42. Qc8+ Ke7 43. Qb7+ Ke6 44. Qxh7 Qb2 45. Qg8+ Kd7 46. Qf7+ Kd8 47. Qxd5+ Kc7 48. Qf7+ Kd8 49. Qd5+ Kc7 50. Qf7+ Kd8 1/2-1/2

[Event "Vojvodina-chT 2nd League"]
[Site "Backa Palanka"]
[Date "2020.10.18"]
[Round "4.3"]
[White "Nagy, Attila N"]
[Black "Andrejevic, Milorad"]
[Result "0-1"]
[WhiteElo "2251"]
[BlackElo "2224"]
[PlyCount "114"]
[EventDate "2020.10.16"]
[EventType "team-tourn"]
[EventRounds "11"]
[EventCountry "SRB"]
[SourceTitle "EXT 2022"]
[Source "ChessBase"]
[SourceDate "2021.10.06"]
[SourceVersion "1"]
[SourceVersionDate "2021.10.06"]
[SourceQuality "1"]
[WhiteTeam "Senta"]
[BlackTeam "Starcevo Borac"]
[WhiteTeamCountry "SRB"]
[BlackTeamCountry "SRB"]

1. Nf3 Nf6 2. c4 c5 3. Nc3 g6 4. d4 cxd4 5. Nxd4 Bg7 6. e4 d6 7. Be2 0-0 8. 0-0 Nc6 9. Be3 Nxd4 10. Bxd4 Be6 11. Qd2 Rc8 12. b3 a6 13. Rac1 Qa5 14. Rfd1 b5 15. Nd5 Qxd2 16. Nxe7+ Kh8 17. Rxd2 Rce8 18. Nc6 bxc4 19. bxc4 Nxe4 20. Bxg7+ Kxg7 21. Rdd1 Bd7 22. Nb4 Nc3 23. Rxc3 Rxe2 24. h3 a5 25. Na6 Rxa2 26. Rxd6 Bc8 27. Nc7 a4 28. Rdd3 Bf5 29. Re3 Rd8 30. g4 Rd1+ 31. Kg2 Bd7 32. Ne8+ Kf8 33. Nf6 Bc6+ 34. Nd5 Rdd2 35. Rf3 Rxd5 36. cxd5 Bxd5 37. Kg3 Bxf3 38. Kxf3 Rb2 39. Rc8+ Ke7 40. Ra8 Rb3+ 41. Kf4 a3 42. h4 h6 43. Ra6 Kd7 44. Ke4 Kc7 45. f4 Kb7 46. Ra4 Kb6 47. Ra8 Rh3 48. g5 hxg5 49. hxg5 Kb5 50. Ke5 Rf3 51. Ke4 Rc3 52. Ra7 Rc4+ 53. Kd5 Ra4 54. Rb7+ Ka6 55. Rb1 a2 56. Ra1 Kb5 57. Ke5 Ra6 0-1

[Event "Vojvodina-chT 2nd League"]
[Site "Backa Palanka"]
[Date "2020.10.18"]
[Round "3.4"]
[White "Nagy, Attila N"]
[Black "Jovanovski, Slobodan"]
[Result "1-0"]
[WhiteElo "2251"]
[BlackElo "2261"]
[PlyCount "127"]
[EventDate "2020.10.16"]
[EventType "team-tourn"]
[EventRounds "11"]
[EventCountry "SRB"]
[SourceTitle "EXT 2022"]
[Source "ChessBase"]
[SourceDate "2021.10.06"]
[SourceVersion "1"]
[SourceVersionDate "2021.10.06"]
[SourceQuality "1"]
[WhiteTeam "Senta"]
[BlackTeam "Opovo Bata Cosic"]
[WhiteTeamCountry "SRB"]
[BlackTeamCountry "SRB"]

1. Nf3 d5 2. g3 Nf6 3. Bg2 c6 4. 0-0 Bf5 5. d3 e6 6. Nbd2 h6 7. c3 Nbd7 8. Re1 Bh7 9. a4 a5 10. b3 Qb6 11. e4 Nc5 12. Ne5 dxe4 13. d4 Nd3 14. Ndc4 Qd8 15. Nxd3 exd3 16. Ne5 Bd6 17. Nxd3 0-0 18. Bb2 Nd7 19. c4 Re8 20. Re3 Qc7 21. Qd2 Red8 22. Rc1 c5 23. d5 e5 24. Rce1 f6 25. Bh3 Kh8 26. Qe2 e4 27. Rxe4 Bxe4 28. Qxe4 Nf8 29. Be6 Ra6 30. f4 Rb6 31. Nc1 Nxe6 32. dxe6 Be7 33. f5 Rbd6 34. Ne2 Rd1 35. Nf4 Rxe1+ 36. Qxe1 Kh7 37. Nd5 Qd6 38. Qe4 b6 39. Qg4 Kh8 40. Kg2 Rf8 41. Kh3 Qd8 42. Bc1 Bd6 43. Bf4 Rg8 44. Bd2 Qe8 45. Qh4 Qf8 46. Nxb6 Kh7 47. Nd5 Be5 48. Qg4 Qe8 49. Bxa5 Qb8 50. Qg6+ Kh8 51. Bb6 Bd4 52. Bxc5 Qe5 53. Bxd4 Qxd4 54. e7 Qe5 55. Qg4 Re8 56. a5 Ra8 57. Qf4 Qe2 58. Qe3 Qh5+ 59. Kg2 Kh7 60. h4 Qxf5 61. e8Q Rxe8 62. Qxe8 Qc2+ 63. Kf3 Qd1+ 64. Qe2 1-0

[Event "Senta-ch"]
[Site "Senta"]
[Date "2020.02.07"]
[Round "6"]
[White "Molnar Gabor, Roland"]
[Black "Nagy, Attila N"]
[Result "0-1"]
[WhiteElo "1997"]
[BlackElo "2242"]
[PlyCount "118"]
[EventDate "2020.01.27"]
[EventType "swiss"]
[EventRounds "9"]
[EventCountry "SRB"]
[SourceTitle "CBM 195 Extra"]
[Source "ChessBase"]
[SourceDate "2020.05.31"]
[SourceVersion "1"]
[SourceVersionDate "2020.05.31"]
[SourceQuality "1"]

1. e4 c5 2. c3 Nf6 3. e5 Nd5 4. d4 cxd4 5. Nf3 Nc6 6. Bc4 Nb6 7. Bb3 e6 8. cxd4 d6 9. Bg5 Be7 10. Bxe7 Qxe7 11. 0-0 dxe5 12. dxe5 0-0 13. Nc3 Bd7 14. a3 Na5 15. Bc2 Bc6 16. Qd3 g6 17. Ne4 Bxe4 18. Qxe4 Rac8 19. Bd3 Nb3 20. Rad1 Rfd8 21. Bb1 Nc5 22. Qe2 Nd5 23. h4 Rd7 24. g3 h5 25. Ng5 Rcd8 26. Rfe1 Nb6 27. Kh2 Rxd1 28. Rxd1 Rxd1 29. Qxd1 Qd7 30. Qxd7 Ncxd7 31. f4 Nc4 32. b4 Nxa3 33. Bd3 Nb6 34. Ne4 Nd5 35. b5 Nb4 36. Be2 a5 37. b6 Nd5 38. Nd6 Nxb6 39. Nxb7 Nac4 40. Kg2 a4 41. Nc5 Nd2 42. Nxa4 Nxa4 43. g4 hxg4 44. Bxg4 Nc4 45. Kf2 Nc3 46. h5 Kg7 47. hxg6 Kxg6 48. Kf3 Nd5 49. Bh3 Ne7 50. Ke4 Nf5 51. Bg4 Nce3 52. Bf3 Nd5 53. Bg4 Ng3+ 54. Kf3 Nh5 55. f5+ exf5 56. Bh3 Kg5 57. Bf1 Nc7 58. Bc4 Ne6 59. Bd3 Nhf4 0-1

[Event "Senta-ch"]
[Site "Senta"]
[Date "2020.01.31"]
[Round "3"]
[White "Simonyi, Zoltan"]
[Black "Nagy, Attila N"]
[Result "1-0"]
[WhiteElo "2164"]
[BlackElo "2242"]
[PlyCount "81"]
[EventDate "2020.01.27"]
[EventType "swiss"]
[EventRounds "9"]
[EventCountry "SRB"]
[SourceTitle "CBM 195 Extra"]
[Source "ChessBase"]
[SourceDate "2020.05.31"]
[SourceVersion "1"]
[SourceVersionDate "2020.05.31"]
[SourceQuality "1"]

1. d4 Nf6 2. c4 c5 3. d5 b5 4. Nd2 g6 5. e4 bxc4 6. Qc2 Bg7 7. Nxc4 0-0 8. Nf3 d6 9. Be2 Na6 10. 0-0 e6 11. dxe6 Bxe6 12. Rd1 Nb4 13. Qb1 d5 14. a3 Qc7 15. axb4 dxc4 16. b5 Qb7 17. Ng5 Bg4 18. f3 Bd7 19. e5 Bf5 20. Qa2 Nd7 21. f4 h6 22. Bf3 Qxb5 23. Ne4 Qb3 24. Bd2 Rab8 25. Bc3 Rfd8 26. Qxa7 Nf8 27. Nxc5 Qb5 28. Nb7 Ra8 29. Qf2 Rxa1 30. Rxa1 Rb8 31. Nd6 Qb3 32. Nxf5 gxf5 33. Rd1 Ne6 34. g3 Bf8 35. Kg2 Nc5 36. Qe2 Nd3 37. e6 Qb5 38. exf7+ Kh7 39. Be4 Rd8 40. Qg4 Nxf4+ 41. gxf4 1-0

[Event "Backa Topola-ch"]
[Site "Backa Topola"]
[Date "2019.12.13"]
[Round "9"]
[White "Nagy, Attila N"]
[Black "Kovacic, Vlastimir"]
[Result "1/2-1/2"]
[WhiteElo "2233"]
[BlackElo "2135"]
[PlyCount "66"]
[EventDate "2019.11.25"]
[EventType "swiss"]
[EventRounds "9"]
[EventCountry "SRB"]
[SourceTitle "CBM 193 Extra"]
[Source "ChessBase"]
[SourceDate "2020.01.31"]
[SourceVersion "1"]
[SourceVersionDate "2020.01.31"]
[SourceQuality "1"]

1. g3 e5 2. c4 Nc6 3. Bg2 g6 4. Nc3 Bg7 5. d3 d6 6. e3 f5 7. Nge2 Nf6 8. 0-0 0-0 9. Rb1 a5 10. a3 Kh8 11. Nd5 Ne7 12. Bd2 c6 13. Nxe7 Qxe7 14. Qe1 Qc7 15. b4 axb4 16. axb4 Be6 17. Qc1 Rg8 18. Bc3 d5 19. f4 e4 20. Be5 Qe7 21. dxe4 dxe4 22. Rd1 Qf7 23. c5 Bc4 24. Bf1 Bd3 25. Ra1 Nd5 26. Rxa8 Rxa8 27. Bxg7+ Qxg7 28. Nd4 Bxf1 29. Kxf1 Nxb4 30. Ne6 Qf6 31. Rd7 h5 32. Nd4 Nd5 33. Rxb7 h4 1/2-1/2

[Event "Vojvodina-chT"]
[Site "Kovacica"]
[Date "2019.11.07"]
[Round "9.5"]
[White "Dekic, Josip"]
[Black "Nagy, Attila N"]
[Result "0-1"]
[WhiteElo "2254"]
[BlackElo "2233"]
[PlyCount "116"]
[EventDate "2019.11.01"]
[EventType "team-tourn"]
[EventRounds "11"]
[EventCountry "SRB"]
[SourceTitle "CBM 192 Extra"]
[Source "Chessbase"]
[SourceDate "2019.11.06"]
[SourceVersion "1"]
[SourceVersionDate "2019.11.06"]
[SourceQuality "1"]
[WhiteTeam "Sombor"]
[BlackTeam "Senta"]
[WhiteTeamCountry "SRB"]
[BlackTeamCountry "SRB"]

1. e4 c5 2. Nf3 Nc6 3. d4 cxd4 4. Nxd4 Nf6 5. Nc3 d6 6. Bc4 Qb6 7. Nb3 e6 8. 0-0 Be7 9. Kh1 0-0 10. Bd3 Bd7 11. f4 Rfd8 12. Qf3 Qc7 13. a3 a6 14. Bd2 b5 15. Rae1 b4 16. axb4 Nxb4 17. e5 Nxd3 18. cxd3 Ne8 19. Ne4 Qb6 20. Na5 d5 21. Ng5 g6 22. f5 exf5 23. Qxd5 Be6 24. Qc6 Qxc6 25. Nxc6 Bxg5 26. Bxg5 Rxd3 27. Rd1 Rxd1 28. Rxd1 Kg7 29. Rd8 Rxd8 30. Bxd8 f6 31. exf6+ Nxf6 32. Kg1 Ne4 33. Bb6 g5 34. Bd4+ Kf8 35. Ne5 Ke7 36. Nd3 Kd6 37. Nf2 Nc5 38. Nh3 Nb3 39. Bg7 g4 40. Ng5 Bg8 41. Kf2 f4 42. Ne4+ Ke6 43. Bf8 Nc1 44. Nc5+ Kd5 45. Nxa6 Nd3+ 46. Kg1 Nxb2 47. Nb4+ Ke4 48. Bc5 Nd1 49. Ba7 Bc4 50. Bb6 h5 51. Ba7 Nc3 52. Nc2 h4 53. Bb6 Ne2+ 54. Kf1 g3 55. hxg3 fxg3 56. Ke1 Nf4 57. Ne3 Nxg2+ 58. Nxg2 h3 0-1